000 00885nam a2200301Ia 4500
001 13919
005 20240113235510.0
007 ta
008 051117s1988 a g b000 u 465 u
020 _a81-7019-323-0
040 _aCotton College Assam
041 _a465
082 _a581.2
_bSi 61 En
100 _aSingh, B.P. .
245 0 _aEnvironment and Biotechnology: New Frontiers of Plant Pathology /
_cB.P. Singh, H.N. Verma and K.M. Srivastava.
_hTextual Documents
250 _a1st ed. /
260 _aNew Delhi :
_bToday & Tomorrow`s Printers & Publishers ,
_cC1988.
300 _a126p. :
_bill ;
_c28cm .
653 _aBotany
653 _aPlant Disease
653 _aEnvironment and Biiotechnology
653 _aG-Botany
700 _aVerma, H.N. .
700 _aSrivastava, K.M. .
942 _2ddc
_cBK
999 _c13905
_d13905